header

Trauma and organizations (Record no. 233240)

MARC details
000 -LEADER
fixed length control field 01332nam a2200337 a 4500
245 00 - TITLE STATEMENT
Title Trauma and organizations
260 ## - PUBLICATION, DISTRIBUTION, ETC. (IMPRINT)
Place of publication London :
Name of publisher Karnac,
Year of publication 2012.
300 ## - PHYSICAL DESCRIPTION
Number of Pages li, 284 p. :
Other physical details ill.
490 1# - SERIES STATEMENT
Series statement New international library of group analysis
505 0# - FORMATTED CONTENTS NOTE
Formatted contents note pt. 1. Processes and systems -- pt. 2. Leaders and leadership.
650 #0 - SUBJECT ADDED ENTRY--TOPICAL TERM
Topical Term Psychic trauma.
Topical Term Group psychotherapy.
Topical Term Group psychoanalysis.
700 1# - ADDED ENTRY--PERSONAL NAME
Personal name Hopper, Earl.
856 40 - ELECTRONIC LOCATION AND ACCESS
Uniform Resource Identifier http://site.ebrary.com/lib/rucke/Doc?id=10529589

No items available.

© 2026 Rongo University
Contact us: librarian | system librarian | Rongo university